| 000 | 00494nam a2200193Ia 4500 | ||
|---|---|---|---|
| 003 | 0STCL | ||
| 005 | 20241003155023.0 | ||
| 008 | 150530s9999 xx 000 0 und d | ||
| 040 |
_aSTCL _cSTCL |
||
| 100 | _aSabina Wurmbrand | ||
| 245 | _aവൈദികൻറെ ഭാര്യ | ||
| 246 | _aVydhikante bhaarya/ The pastors wife/ The pastor's wife/ Vaidhikante bharya | ||
| 250 | _a1 | ||
| 260 | _c1986 | ||
| 300 | _a0 | ||
| 546 | _aMalayalam | ||
| 942 |
_2ddc _cBK |
||
| 999 |
_c69653 _d69653 |
||